00471nam a2200181 a 4500001001300000003000900013005001700022008004100039020002300080082001500103100001600118245003100134260004000165300000900205500003500214505001800249650002200267nice12345678IN_TiNIC20260116012029.0050524s1979 jeda grp 000 0 eng  a0340086 c29700a297.7bHUS aHusain, S S aCrisis in Muslim Education aJeddahbHodder and Stoughton c1979 a133p aincludes index and biblioraphy2 aindes, notes. aIslamic-Education